INDOMOD A Simulation Model of the Indonesian Economy.

This paper presents a small macro simulation model of the Indonesian economy The model was constructed to assess the effects of alternative policies as well as changes in the external environment on the Indonesian economy over the medium term Accordingly, the focus is on the determinants of growth w...

תיאור מלא

מידע ביבליוגרפי
מחבר תאגידי: International Monetary Fund
פורמט: כתב-עת
שפה:English
יצא לאור: Washington, D.C. : International Monetary Fund, 1989.
סדרה:IMF Working Papers; Working Paper ; No. 1989/075
גישה מקוונת:Full text available on IMF
LEADER 01424cas a2200241 a 4500
001 AALejournalIMF010024
008 230101c9999 xx r poo 0 0eng d
020 |c 5.00 USD 
020 |z 9781451957310 
022 |a 1018-5941 
040 |a BD-DhAAL  |c BD-DhAAL 
110 2 |a International Monetary Fund. 
245 1 0 |a INDOMOD A Simulation Model of the Indonesian Economy. 
264 1 |a Washington, D.C. :  |b International Monetary Fund,  |c 1989. 
300 |a 1 online resource (24 pages) 
490 1 |a IMF Working Papers 
500 |a <strong>Off-Campus Access:</strong> No User ID or Password Required 
500 |a <strong>On-Campus Access:</strong> No User ID or Password Required 
506 |a Electronic access restricted to authorized BRAC University faculty, staff and students 
520 3 |a This paper presents a small macro simulation model of the Indonesian economy The model was constructed to assess the effects of alternative policies as well as changes in the external environment on the Indonesian economy over the medium term Accordingly, the focus is on the determinants of growth with relatively little attention devoted to explaining the effects of short-run demand fluctuations. 
538 |a Mode of access: Internet 
830 0 |a IMF Working Papers; Working Paper ;  |v No. 1989/075 
856 4 0 |z Full text available on IMF  |u http://elibrary.imf.org/view/journals/001/1989/075/001.1989.issue-075-en.xml  |z IMF e-Library